000
00280nam a2200097Ia 4500
001
798356
005
20250826170826.0
008
250824s9999 xx 000 0 und d
245
0
_a
SABRİ CEMİL 5. AKILLI TAHTA AKLIMI ALDI
_c
MUHİDDİN YENİGÜL
260
_b
UĞUR BÖCEĞİ YAYINLARI
999
_c
798356
_d
798356